| 000 | 00540nam a2200157Ia 4500 | ||
|---|---|---|---|
| 008 | 090124s9999 xx 000 0 und d | ||
| 082 | _b37880 | ||
| 245 | _a दैनंदिन तुकाराम गाथा | ||
| 250 | _a1 | ||
| 260 |
_bमनोरमा प्रकाशन _c2001 |
||
| 300 | _a372 | ||
| 630 | _a दैनंदिन तुकाराम गाथा | ||
| 700 | _aघैसास दिवाकर अनंत | ||
| 730 | _a दैनंदिन तुकाराम गाथा | ||
| 942 | _cBOOK | ||
| 999 |
_c104018 _d104018 |
||